000 00872nam a22002537a 4500
005 20170217154322.0
008 170217b2017 ck ||||| |||| 00| 0 spa d
020 _a9789588935249
020 _a9789588935256
040 _aCO-BoIAVH
_cCO-BoIAVH
041 _aspa
044 _ack
082 _a914.8611
_bR48r
245 0 0 _aRegionalización oceanográfica:
_buna visión dinámica del caribe
260 _aSanta Marta:
_binvemar,
_c20174.
300 _a180 páginas
_bfotografías y mapas a color
490 _aSerie de Publicaciones Especiales del Invemar
_v14
650 0 _aOceanografía
_zCaribe (Región)
_zColombia
650 0 _aClima
_zCaribe (Región)
_zcolombia
651 _aColombia
_zRegión Caribe
700 0 _aRicaurte-Villota, Constanza
_eeditora
700 0 _aBastidas Salamanca, M
_eeditora
942 _2ddc
_cLIBRO
999 _c19340
_d19340